[Event "Tourn. n9372"]
[Site "www.chess-mail.com"]
[Date "2017.05.27"]
[Round "1"]
[White "Orhany24"]
[Black "Bojan"]
[WhiteElo "2230"]
[BlackElo "2000"]
[Result "0-1"]
[Round "1"]
1.e4 e5
2.Ng1f3 d6
3.d4 exd4
4.Nf3xd4 Bc8d7
5.c4 g6
6.Nb1c3 Bf8g7
7.Bc1e3 Ng8e7
8.Bf1d3 Nb8c6
9.Nd4xc6 Ne7xc6
10.a3 Nc6e5
11.Bd3e2 Bd7e6
12.Ra1c1 Ne5xc4
13.Qd1a4 Qd8d7
14.Nc3b5 Nc4xe3
15.Nb5xc7 Ke7
16.Qa4xd7 Be6xd7
17.fxe3 Ra8b8
18.Nc7d5 Kd8
19.O-O f5
20.exf5 Bd7xf5
21.g4 Bf5e6
22.Nd5c7 Be6d7
23.Nc7d5 Bg7xb2
24.Rc1c7 Bd7e6
25.Rc7c2 Bb2xa3
26.Nd5f4 Be6d7
27.h3 Ba3c5
28.Nf4d3 Bc5xe3
29.Kh2 Rb8c8
30.Rc2xc8 Kxc8
31.Rf1f7 a5
32.Kg3 a4
{ resign }
0-1

[Event "Tourn. n9318"]
[Site "www.chess-mail.com"]
[Date "2017.05.27"]
[Round "1"]
[White "Cal"]
[Black "Ditto"]
[WhiteElo "1710"]
[BlackElo "1670"]
[Result "0-1"]
[Round "1"]
1.e4 e5
2.a3 Nb8c6
3.Ng1f3 Bf8c5
4.Nb1c3 d6
5.Bf1b5 Ng8e7
6.Nc3e2 O-O
7.c4 Bc8g4
8.Nf3h4 Nc6d4
9.f3 Bg4e6
10.Bb5a4 Ne7c8
11.d3 Qd8xh4
12.Ne2g3 Nc8e7
13.Bc1e3 f5
14.Qd1d2 f4
15.O-O-O fxe3
16.Qd2e1 a6
17.Ba4c2 Nd4c6
18.Kb1 Bc5d4
19.h3 Ne7g6
20.b4 Qh4e7
21.Ng3h5 b5
22.Qe1g3 bxc4
23.dxc4 Be6xc4
24.Bc2d3 Bc4xd3
25.Rd1xd3 Qe7e8
26.Qg3g4 Qe8f7
27.Rh1e1 Qf7c4
28.Re1d1 Ra8b8
29.Nh5g3 a5
30.Ng3f5 axb4
31.Nf5xd4 exd4
32.h4 bxa3
33.Ka1 Nc6b4
34.Rd3xa3 Nb4c2
{ resign }
0-1

[Event "Tourn. n9386"]
[Site "www.chess-mail.com"]
[Date "2017.05.27"]
[Round "1"]
[White "Cjood"]
[Black "Roque1"]
[WhiteElo "1980"]
[BlackElo "1940"]
[Result "0-1"]
[Round "1"]
1.f4 e6
2.Ng1f3 d6
3.e4 Ng8f6
4.Nb1c3 Bf8e7
5.d3 Nb8c6
6.h3 Bc8d7
7.Bc1e3 O-O
8.g4 a6
9.Bf1g2 b5
10.a3 Nc6a7
11.Nf3d4 c5
12.Nd4f3 Qd8c7
13.O-O a5
14.e5 Nf6d5
15.Nc3xd5 exd5
16.d4 c4
17.c3 Na7c6
18.exd6 Be7xd6
19.Nf3h4 Ra8e8
20.Qd1f3 Bd6e7
21.Qf3xd5 Be7xh4
22.Be3d2 Nc6e7
23.Qd5h5 Bh4g3
24.Bg2e4 Ne7g6
25.Be4xg6 fxg6
26.Qh5d5 Kh8
27.Rf1f3 Bd7c6
{ resign }
0-1

[Event "Tourn. n9356"]
[Site "www.chess-mail.com"]
[Date "2017.05.27"]
[Round "1"]
[White "Madz123456"]
[Black "Hansen"]
[WhiteElo "1470"]
[BlackElo "1590"]
[Result "1-0"]
[Round "1"]
1.e4 d5
2.exd5 Qd8xd5
3.Nb1c3 Qd5e5
4.Bf1e2 e6
5.Nc3b5 c6
6.d4 Qe5e4
7.Nb5c7 Ke7
8.Ng1f3 e5
9.dxe5 Nb8d7
10.Nc7xa8 f6
11.exf6 Ng8xf6
12.O-O h6
13.Rf1e1 g5
14.Be2d3 Nd7c5
15.Bd3xe4 Nf6xe4
16.Qd1d4 b6
17.Qd4xh8 Bc8f5
18.Qh8e5 Bf5e6
19.Nf3d4 Kd7
20.Nd4xe6 Bf8d6
21.Ne6xc5 Ne4xc5
22.Qe5e8 { resign }
1-0

[Event "Tourn. n9296"]
[Site "www.chess-mail.com"]
[Date "2017.05.27"]
[Round "1"]
[White "Jpmartinez"]
[Black "Nimzo"]
[WhiteElo "2590"]
[BlackElo "2720"]
[Result "0-1"]
[Round "1"]
1.c4 e6
2.Nb1c3 d5
3.e3 Ng8f6
4.Ng1f3 b6
5.b3 Bc8b7
6.Bc1b2 Nb8d7
7.Qd1c2 a6
8.cxd5 exd5
9.Bf1e2 Bf8d6
10.O-O O-O
11.d4 Rf8e8
12.Ra1c1 Qd8e7
13.a4 c6
14.Be2d3 Nf6e4
15.Bd3xe4 dxe4
16.Nf3d2 Nd7f6
17.Nd2c4 Bd6xh2
18.Kxh2 Nf6g4
19.Kg1 Qe7h4
20.Rf1e1 Ra8d8
21.Rc1d1 a5
{ resign }
0-1

[Event "Tourn. n9390"]
[Site "www.chess-mail.com"]
[Date "2017.05.27"]
[Round "1"]
[White "Cristiano"]
[Black "Cjood"]
[WhiteElo "2240"]
[BlackElo "2000"]
[Result "1-0"]
[Round "1"]
1.e4 d5
2.exd5 Qd8xd5
3.Nb1c3 Qd5d8
4.d4 Ng8f6
5.h3 g6
6.Ng1f3 b6
7.Bf1e2 Bf8g7
8.Bc1e3 Bc8b7
9.O-O e6
10.Nf3e5 Nb8d7
11.Be2f3 Ra8b8
12.Bf3c6 O-O
13.Bc6xb7 Rb8xb7
14.Qd1f3 Rb7b8
15.Ne5c6 Qd8e8
16.Nc6xa7 Rb8a8
17.Na7c6 Nd7b8
18.Nc6e5 Nb8a6
19.a3 Ra8c8
20.Be3g5 Nf6d7
21.Ne5c6 Nd7b8
22.Nc6e7 { resign }
1-0

[Event "Tourn. n9340"]
[Site "www.chess-mail.com"]
[Date "2017.05.27"]
[Round "1"]
[White "Wwgia"]
[Black "Cjood"]
[WhiteElo "1900"]
[BlackElo "1879"]
[Result "0-1"]
[Round "1"]
1.d4 c5
2.d5 Qd8b6
3.Nb1c3 Ng8f6
4.e4 e5
5.Ng1f3 Qb6b4
6.a3 Qb4a5
7.Bc1d2 Qa5b6
8.Nf3xe5 d6
9.Ne5c4 Qb6d8
10.Bf1e2 b5
11.Nc3xb5 Nf6xe4
12.Bd2a5 Qd8f6
13.O-O Nb8a6
14.Be2d3 Ne4g5
15.h4 Ng5h3
16.gxh3 Bf8e7
17.Rf1e1 O-O
18.Qd1h5 g6
19.Qh5h6 Bc8xh3
20.Re1e3 Bh3g4
21.Re3g3 Bg4d7
22.Ba5c3 Bd7xb5
23.Bc3xf6 Be7xf6
24.h5 { time. }
0-1

[Event "Tourn. n9372"]
[Site "www.chess-mail.com"]
[Date "2017.05.27"]
[Round "1"]
[White "Cjood"]
[Black "Orhany24"]
[WhiteElo "1920"]
[BlackElo "2230"]
[Result "1-0"]
[Round "1"]
1.d4 d5
2.Nb1c3 Ng8f6
3.Bc1f4 a6
4.f3 c5
5.e3 Nb8c6
6.dxc5 e5
7.Bf4g5 Bc8e6
8.Ng1e2 Bf8xc5
9.Bg5xf6 gxf6
10.Nc3a4 Bc5a7
11.Na4c3 h5
12.h4 Ke7
13.Qd1d2 Qd8d7
14.O-O-O b5
15.Nc3xd5 Be6xd5
16.Qd2xd5 Qd7xd5
17.Rd1xd5 Ke6
18.Rd5d3 Nc6b4
19.Rd3a3 Rh8c8
20.Ne2c3 Ba7xe3
21.Kb1 Be3c5
22.g4 hxg4
23.fxg4 Nb4xc2
24.Kxc2 Bc5xa3
25.bxa3 Rc8c7
26.Kb3 Ra8c8
27.Nc3e4 Rc7c1
28.h5 a5
29.h6 { resign }
1-0

[Event "Match"]
[Site "www.echecsemail.com"]
[Date "2017.05.27"]
[Round "1"]
[White "Raulazo"]
[Black "Calponas"]
[WhiteElo "1830"]
[BlackElo "2020"]
[Result "0-1"]
[Round "1"]
1.c4 e5
2.e4 Ng8f6
3.Nb1c3 d6
4.g3 Nb8c6
5.Bf1g2 Bc8e6
6.d3 Bf8e7
7.b3 Qd8d7
8.h3 Nc6d4
9.Bc1e3 c5
10.Be3xd4 cxd4
11.Nc3b1 a5
12.a4 O-O
13.Ng1e2 b6
14.f4 Qd7c7
15.Nb1a3 Ra8d8
16.Na3b5 Qc7c8
17.f5 Be6d7
18.Nb5a7 Qc8b7
19.Na7b5 Bd7xb5
20.axb5 Nf6d7
21.h4 Nd7c5
22.h5 h6
23.g4 Be7g5
24.Qd1b1 f6
25.b4 axb4
26.Qb1xb4 Nc5xd3
27.Kf1 Nd3xb4
28.Ra1a4 Nb4c2
29.Kf2 Rd8a8
30.Ra4xa8 Rf8xa8
31.Rh1c1 Bg5xc1
32.Ne2xc1 Ra8a1
33.Nc1b3 Ra1a3
34.Nb3d2 Nc2e3
35.Nd2b1 Ra3a2
36.Kg3 Ra2xg2
37.Kf3 Rg2xg4
{ resign }
0-1

[Event "Match"]
[Site "www.echecsemail.com"]
[Date "2017.05.27"]
[Round "1"]
[White "Fangshuo"]
[Black "Cjood"]
[WhiteElo "2070"]
[BlackElo "1930"]
[Result "1-0"]
[Round "1"]
1.e4 e5
2.Ng1f3 Ng8f6
3.Nf3xe5 Qd8e7
4.d4 d6
5.Ne5f3 Qe7xe4
6.Bf1e2 Nf6d5
7.Nb1d2 Qe4f5
8.O-O Nd5b4
9.Rf1e1 Bf8e7
10.Be2d3 Nb4xd3
11.cxd3 Qf5xd3
12.Re1e3 Qd3g6
13.Qd1e2 Qg6f6
14.Nd2e4 Qf6f5
15.Nf3h4 Qf5f4
16.g3 Qf4h6
17.Ne4c5 Qh6f6
18.Nc5e4 Qf6xd4
19.Nh4f3 Qd4d5
20.Ne4c3 Qd5c6
21.Re3xe7 Kf8
22.Nc3d5 Bc8e6
23.Re7xe6 fxe6
24.Qe2xe6 Qc6d7
25.Nf3d4 c5
26.Qe6xd7 Nb8xd7
27.Nd4e6 Kf7
28.Ne6c7 Ra8b8
29.Bc1f4 b5
30.Bf4xd6 g5
31.Ra1e1 Nd7b6
32.Re1e7 Kg6
33.Re7e6 Kh5
34.Nd5f6 { resign }
1-0

[Event "Match"]
[Site "www.echecsemail.com"]
[Date "2017.05.27"]
[Round "1"]
[White "Mrynmryn"]
[Black "Motorhead99"]
[WhiteElo "1780"]
[BlackElo "1810"]
[Result "1-0"]
[Round "1"]
1.Ng1f3 d6
2.d4 Nb8d7
3.Bc1f4 Ng8f6
4.h3 c6
5.e3 Qd8c7
6.c4 e5
7.dxe5 dxe5
8.Bf4h2 Bf8e7
9.Bf1e2 O-O
10.O-O Rf8e8
11.Nb1c3 h6
12.Qd1c2 Be7f8
13.Rf1d1 g5
14.Rd1d2 Bf8d6
15.Ra1d1 Re8e6
16.a3 Nf6e8
17.Nc3e4 f5
18.Ne4xd6 Ne8xd6
19.c5 Nd6e4
20.Be2c4 { resign }
1-0

[Event "Match"]
[Site "www.echecsemail.com"]
[Date "2017.05.27"]
[Round "1"]
[White "Darknight"]
[Black "Wwgia"]
[WhiteElo "1810"]
[BlackElo "1900"]
[Result "1-0"]
[Round "1"]
1.e4 c5
2.Bf1c4 Nb8c6
3.a3 g6
4.c3 Bf8g7
5.h3 Ng8f6
6.d3 O-O
7.Bc1e3 b6
8.Nb1d2 d5
9.exd5 Nf6xd5
10.Qd1f3 e6
11.g3 Bc8b7
12.Qf3e2 e5
13.Nd2e4 f5
14.Ne4g5 Rf8e8
15.O-O-O f4
16.Be3d2 Qd8xg5
17.Bc4xd5 Kh8
18.d4 cxd4
19.Qe2b5 Qg5f6
20.g4 Ra8c8
21.Ng1f3 dxc3
22.Bd2xc3 Nc6d4
23.Nf3xd4 Rc8c5
24.Qb5xe8 { resign }
1-0

[Event "Match"]
[Site "www.echecsemail.com"]
[Date "2017.05.27"]
[Round "1"]
[White "Wwgia"]
[Black "Motorhead99"]
[WhiteElo "1950"]
[BlackElo "1829"]
[Result "0-1"]
[Round "1"]
1.d4 d5
2.c4 c6
3.Nb1c3 Ng8f6
4.Ng1f3 e6
5.g3 Nb8d7
6.Bf1g2 dxc4
7.O-O Nf6d5
8.Bc1d2 Bf8d6
9.Nc3e4 Bd6e7
10.h4 Nd7f6
11.Ne4g5 h6
12.Ng5h3 g5
13.Ra1c1 gxh4
14.e4 Nf6xe4
15.Rc1xc4 hxg3
{ resign }
0-1

[Event "Match"]
[Site "www.echecsemail.com"]
[Date "2017.05.27"]
[Round "1"]
[White "Cjood"]
[Black "Chapi"]
[WhiteElo "2000"]
[BlackElo "2130"]
[Result "0-1"]
[Round "1"]
1.g3 e5
2.Nb1c3 Bf8b4
3.Bf1g2 Ng8f6
4.Nc3d5 Nf6xd5
5.Bg2xd5 c6
6.Bd5b3 d5
7.c3 Bb4d6
8.e3 O-O
9.d4 Bc8f5
10.Bc1d2 Nb8d7
11.g4 Bf5e6
12.f4 Qd8h4
13.Kf1 Be6xg4
14.Ng1f3 Qh4h5
15.Kf2 e4
{ resign }
0-1

[Event "Match"]
[Site "www.echecsemail.com"]
[Date "2017.05.27"]
[Round "1"]
[White "Geodad5"]
[Black "Juodivarnai"]
[WhiteElo "2160"]
[BlackElo "2140"]
[Result "0-1"]
[Round "1"]
1.d4 d5
2.Ng1f3 Ng8f6
3.e3 c5
4.c3 e6
5.Bf1e2 Bf8d6
6.Nb1d2 O-O
7.O-O Nb8c6
8.Be2d3 cxd4
9.Nf3xd4 e5
10.Nd4e2 e4
11.Bd3c2 Nf6g4
12.Ne2g3 Qd8h4
13.h3 Ng4xf2
14.Rf1xf2 Qh4xg3
15.Nd2f1 Qg3g6
16.Kh1 Nc6e7
17.Bc2b3 Ne7f5
18.g4 Nf5e7
19.Nf1h2 Bc8e6
20.Bc1d2 f5
21.Rf2g2 f4
22.exf4 Bd6xf4
23.Bd2xf4 Rf8xf4
24.Qd1d2 Ra8f8
25.Ra1g1 Qg6f7
26.Qd2c1 Ne7g6
27.Bb3d1 Ng6h4
28.Rg2g3 Rf4f2
29.a3 Qf7f4
30.Qc1xf4 Rf8xf4
31.b3 Rf2d2
32.Rg1e1 Rf4f2
33.Nh2f1 Nh4g2
34.Rg3xg2 Rf2xg2
35.a4 Rg2f2
36.Kg1 Rd2b2
{ resign }
0-1

[Event "Match"]
[Site "www.echecsemail.com"]
[Date "2017.05.27"]
[Round "1"]
[White "Azorau"]
[Black "Billyg"]
[WhiteElo "1810"]
[BlackElo "1690"]
[Result "1-0"]
[Round "1"]
1.e4 e5
2.Ng1f3 d6
3.Bf1c4 Ng8f6
4.Nf3g5 d5
5.exd5 Nf6xd5
6.d4 f6
7.Ng5f3 Nd5f4
8.Bc1xf4 exf4
9.Qd1e2 Bf8e7
10.O-O Bc8g4
11.Qe2e4 Bg4xf3
12.gxf3 Nb8c6
13.Qe4e6 Qd8xd4
14.c3 Qd4c5
15.Qe6f7 Kd8
16.Rf1d1 Kc8
17.Bc4e6 Kb8
18.Qf7xg7 Rh8e8
19.Qg7f7 Re8d8
20.Rd1d5 Rd8xd5
21.Be6xd5 Nc6e5
22.Qf7e8 { resign }
1-0

[Event "Match"]
[Site "www.echecsemail.com"]
[Date "2017.05.27"]
[Round "1"]
[White "Cjood"]
[Black "Biggles"]
[WhiteElo "1930"]
[BlackElo "2110"]
[Result "0-1"]
[Round "1"]
1.e4 e5
2.Ng1f3 Ng8f6
3.Nf3xe5 d6
4.Ne5f3 Nf6xe4
5.Qd1e2 d5
6.d3 f5
7.dxe4 fxe4
8.Bc1g5 Bf8e7
9.Bg5xe7 exf3
10.Qe2b5 Kxe7
11.Qb5c5 Kf7
12.gxf3 Rh8e8
13.Bf1e2 c6
14.Nb1c3 Bc8h3
15.O-O-O Nb8d7
16.Qc5d4 Nd7f6
17.Rh1g1 Bh3f5
18.Rg1g5 Bf5g6
19.Qd4f4 Kg8
20.h4 Qd8b6
21.Rg5g2 Re8e7
22.Qf4d6 Ra8e8
23.Qd6g3 Re7xe2
24.Nc3xe2 Re8xe2
25.Qg3g5 Re2xc2
{ resign }
0-1

[Event "Match"]
[Site "www.echecsemail.com"]
[Date "2017.05.27"]
[Round "1"]
[White "Raulazo"]
[Black "Cal"]
[WhiteElo "1830"]
[BlackElo "1610"]
[Result "1-0"]
[Round "1"]
1.c4 e5
2.e4 Ng8f6
3.Nb1c3 a6
4.Ng1f3 d6
5.g3 h6
6.Bf1g2 Bc8e6
7.d4 exd4
8.Qd1xd4 Nb8c6
9.Qd4d2 Bf8e7
10.b3 b6
11.O-O O-O
12.Rf1e1 Nf6h7
13.e5 Nc6b4
14.a3 Nb4c6
15.Nf3d4 Be7g5
16.f4 Bg5e7
17.Nd4xc6 Qd8e8
18.Nc6xe7 Qe8xe7
19.Bg2xa8 Rf8xa8
20.Qd2g2 Ra8f8
21.Bc1b2 c5
22.exd6 Qe7xd6
23.Ra1d1 Qd6c7
24.Re1f1 Be6f5
25.Nc3d5 Qc7d8
26.Nd5f6 gxf6
27.Rd1xd8 Rf8xd8
28.g4 Bf5d3
29.Rf1e1 Nh7f8
30.Bb2xf6 Rd8d6
31.Bf6e7 Rd6g6
32.Be7xf8 Kxf8
33.h3 Kg7
34.Qg2b7 a5
35.Re1e7 Rg6f6
36.f5 Bd3c2
37.Qb7g2 Bc2xb3
38.g5 Bb3xc4
39.gxf6 Kxf6
40.Qg2e4 Bc4d3
41.Qe4b7 Kxf5
42.Qb7xb6 c4
43.Qb6xa5 Kg6
44.Qa5d5 f6
45.Qd5f7 Kg5
46.Qf7g7 Bd3g6
47.Re7c7 h5
48.Rc7xc4 Kf5
49.Rc4c6 { resign }
1-0

[Event "1/16 Finale"]
[Site "www.chess-mail.com"]
[Date "2017.05.27"]
[Round "1"]
[White "Vega"]
[Black "Greghghs"]
[WhiteElo "2600"]
[BlackElo "2380"]
[Result "0-1"]
[Round "1"]
1.d4 d5
2.c4 c6
3.e3 Bc8f5
4.Nb1c3 e6
5.Ng1f3 Nb8d7
6.Bf1d3 Bf5g6
7.h3 Ng8f6
8.O-O Bf8b4
9.Bd3xg6 hxg6
10.Qd1b3 a5
11.cxd5 exd5
12.a3 Bb4xc3
13.bxc3 Qd8c7
14.c4 dxc4
15.Qb3xc4 O-O
16.Nf3g5 b5
17.Qc4b3 Nd7b6
18.e4 a4
19.Qb3f3 Nb6c4
20.e5 Nf6h7
21.Ng5e4 Rf8d8
22.Bc1e3 Nh7f8
23.Rf1d1 Qc7d7
24.Ne4d2 Nc4a5
25.Nd2e4 Qd7d5
26.Qf3g4 Na5b3
27.Ra1b1 b4
28.axb4 a3
29.Ne4c5 Nb3xc5
30.bxc5 Rd8b8
31.Rb1a1 Rb8b2
32.Be3c1 Rb2b3
33.Bc1e3 Nf8e6
34.Rd1d2 Ne6c7
35.Qg4d1 Qd5c4
36.Rd2c2 Qc4a4
37.Rc2a2 Nc7b5
38.Qd1e1 Nb5c3
39.Ra2c2 Rb3b1
40.Rc2c1 Rb1xa1
41.Rc1xa1 Nc3d5
42.Be3c1 a2
43.e6 Qa4xd4
44.Bc1d2 fxe6
45.g3 e5
46.Qe1c1 Ra8a3
47.Kg2 Ra3b3
48.Ra1xa2 Qd4e4
49.Kh2 Rb3b1
50.Ra2a4 Qe4f5
51.Ra4a8 Kh7
52.Qc1xb1 Qf5xb1
53.Kg2 Qb1c2
54.Bd2g5 Qc2e4
55.Kg1 Nd5c3
56.Ra8a1 Nc3e2
57.Kh2 Ne2d4
58.h4 Nd4f3
{ resign }
0-1

[Event "1/16 Finale"]
[Site "www.chess-mail.com"]
[Date "2017.05.27"]
[Round "1"]
[White "Sandokam"]
[Black "Vega"]
[WhiteElo "2300"]
[BlackElo "2580"]
[Result "1/2-1/2"]
[Round "1"]
1.e4 e5
2.Ng1f3 Nb8c6
3.Bf1b5 a6
4.Bb5a4 Ng8f6
5.O-O Bf8d6
6.Nb1c3 O-O
7.d3 b5
8.Ba4b3 Bc8b7
9.Bc1g5 h6
10.Bg5h4 Nc6a5
11.d4 exd4
12.Qd1xd4 Na5c6
13.Qd4d3 Nc6e5
14.Nf3xe5 Bd6xe5
15.Ra1d1 d6
16.f4 Be5xc3
17.e5 Qd8c8
18.Bh4xf6 Qc8g4
19.Rf1f2 gxf6
20.bxc3 dxe5
21.h3 e4
22.hxg4 exd3
23.Rd1xd3 Bb7c6
24.g5 Kg7
25.gxh6 Kxh6
26.Rd3h3 Kg7
27.Rh3g3 Kh6
28.Rf2e2 Ra8e8
29.Re2xe8 Bc6xe8
30.c4 c5
31.cxb5 axb5
32.c4 bxc4
33.Bb3xc4 Be8d7
34.Rg3c3 Kg6
35.Bc4d3 f5
36.Rc3xc5 Rf8a8
37.Bd3c4 Ra8a4
38.g3 Bd7e6
39.Bc4b3 Be6xb3
40.axb3 Ra4a3
41.Rc5c3 Kh5
42.Kf2 Kg4
43.Rc3e3 Ra3a2
44.Re3e2 Ra2a1
45.Kg2 Ra1b1
46.Re2e3 Rb1b2
47.Kf1 Rb2h2
48.Re3c3 Rh2b2
49.Rc3d3 { draw }
1/2-1/2

[Event "1/128 Finale"]
[Site "www.chess-mail.com"]
[Date "2017.05.27"]
[Round "1"]
[White "Sozaro"]
[Black "Sociopatas"]
[WhiteElo "2230"]
[BlackElo "1809"]
[Result "1-0"]
[Round "1"]
1.d4 d5
2.Nb1c3 Ng8f6
3.Ng1f3 e6
4.a3 Nb8c6
5.g3 h6
6.Bf1g2 Bc8d7
7.Qd1d3 a5
8.e4 Nc6b4
9.axb4 Bf8xb4
10.Nf3e5 Nf6xe4
11.Bg2xe4 dxe4
12.Qd3xe4 O-O
13.Qe4xb7 c5
14.Ne5xd7 Bb4xc3
15.bxc3 a4
16.Nd7xf8 Qd8xf8
17.dxc5 Ra8e8
18.c6 Re8e7
19.Ra1xa4 Re7xb7
20.cxb7 Qf8a3
21.Bc1xa3 Kh7
22.b8Q Kg6
23.Qb8e8 Kf6
24.Ra4f4 Kg6
25.Qe8xf7 Kg5
26.h4  { time }
1-0

[Event "1/32 Finale"]
[Site "www.chess-mail.com"]
[Date "2017.05.27"]
[Round "1"]
[White "Motorhead99"]
[Black "Chessington"]
[WhiteElo "1930"]
[BlackElo "2580"]
[Result "0-1"]
[Round "1"]
1.d4 e6
2.e3 Ng8f6
3.Bf1d3 b6
4.c4 Bc8b7
5.f3 c5
6.b3 Nb8c6
7.dxc5 Bf8xc5
8.a3 d5
9.b4 Bc5d6
10.cxd5 Nf6xd5
11.Ng1e2 Qd8h4
12.Kf1 Ra8d8
13.Qd1e1 Qh4f6
14.Nb1c3 Nd5xc3
15.Ne2xc3 Bd6e5
16.Nc3e4 Qf6e7
{ resign }
0-1

[Event "Eq:Tigers of Istanbul-Slap Shot Mates : "]
[Site "www.chess-mail.com"]
[Date "2017.05.27"]
[Round "1"]
[White "Orhany24"]
[Black "Jpmartinez"]
[WhiteElo "2160"]
[BlackElo "2590"]
[Result "0-1"]
[Round "1"]
1.e4 c5
2.Ng1f3 Nb8c6
3.d4 cxd4
4.Nf3xd4 g6
5.Bf1c4 Bf8g7
6.Nd4xc6 bxc6
7.O-O d6
8.c3 Ng8f6
9.h3 O-O
10.Bc1e3 d5
11.exd5 cxd5
12.Bc4b3 e5
13.f4 exf4
14.Be3xf4 Rf8e8
15.Nb1d2 Bc8a6
16.Rf1e1 Qd8b6
17.Kh1 Re8xe1
18.Qd1xe1 Ra8e8
19.Qe1h4 Nf6h5
20.Nd2f3 Re8e4
21.g3 Qb6f2
22.Nf3g1 Re4xf4
{ resign }
0-1

[Event "Fast Game"]
[Site "www.echecsemail.com"]
[Date "2017.05.27"]
[Round "1"]
[White "Attatroll"]
[Black "Thor1"]
[WhiteElo "1800"]
[BlackElo "1699"]
[Result "1-0"]
[Round "1"]
1.d4 d5
2.c4 Ng8f6
3.Nb1c3 e6
4.Ng1f3 Bf8b4
5.e3 Bb4xc3
6.bxc3 Nb8c6
7.Bc1b2 Nc6a5
8.cxd5 Qd8xd5
9.Bf1d3 Bc8d7
10.O-O Na5c6
11.c4 Qd5h5
12.Ra1b1 O-O
13.Qd1c2  { time }
1-0

[Event "Tourn. n9346"]
[Site "www.chess-mail.com"]
[Date "2017.05.28"]
[Round "1"]
[White "Madz123456"]
[Black "Pachi"]
[WhiteElo "1450"]
[BlackElo "1590"]
[Result "1-0"]
[Round "1"]
1.e4 e5
2.Ng1f3 Nb8c6
3.Bf1b5 a6
4.Bb5a4 Ng8f6
5.d3 Bf8b4
6.c3 Bb4e7
7.Ba4xc6 bxc6
8.Nf3xe5 O-O
9.O-O d6
10.Ne5xc6 Qd8d7
11.Nc6xe7 Qd7xe7
12.c4 Bc8b7
13.Nb1c3 h5
14.Bc1g5 Qe7e5
15.Bg5xf6 Qe5xf6
16.Qd1xh5 c6
17.f4 Ra8d8
18.e5 Qf6e6
19.Nc3e4 d5
20.f5 Qe6xe5
21.Ne4g5 f6
22.Qh5h7 { resign }
1-0

[Event "Tourn. n9310"]
[Site "www.chess-mail.com"]
[Date "2017.05.28"]
[Round "1"]
[White "Biggles"]
[Black "Lucaschess"]
[WhiteElo "2140"]
[BlackElo "2070"]
[Result "1-0"]
[Round "1"]
1.e4 e5
2.Ng1f3 Nb8c6
3.d4 exd4
4.Bf1c4 Ng8f6
5.e5 d5
6.Bc4b5 Nf6e4
7.Nf3xd4 Bc8d7
8.Bb5xc6 bxc6
9.Bc1e3 Bf8e7
10.O-O O-O
11.Nb1d2 c5
12.Nd2xe4 dxe4
13.Nd4b3 Rf8e8
14.Be3xc5 Be7xc5
15.Nb3xc5 Bd7c6
16.Qd1xd8 Ra8xd8
17.Ra1d1 Rd8c8
18.e6 fxe6
19.h3 Rc8b8
20.b3 Rb8c8
21.Rf1e1 Kf7
22.Nc5xe4 Bc6xe4
23.Re1xe4 Rc8d8
24.Re4d4 Rd8xd4
25.Rd1xd4 Ke7
26.f4 a5
27.Kf2 Re8a8
28.Ke3 Ra8a6
29.a3 Ra6d6
30.c4 c5
31.Rd4xd6 Kxd6
32.Ke4 g6
33.g4 h6
34.h4 Kd7
35.Ke5 Ke7
36.a4 h5
37.g5 Kd7
38.Kf6 Kd6
39.Kxg6 e5
40.fxe5 Kxe5
41.Kf7 { resign }
1-0

[Event "Tourn. n9376"]
[Site "www.chess-mail.com"]
[Date "2017.05.28"]
[Round "1"]
[White "Bojan"]
[Black "Orhany24"]
[WhiteElo "1990"]
[BlackElo "2230"]
[Result "0-1"]
[Round "1"]
1.e4 e5
2.Ng1f3 Nb8c6
3.c3 f5
4.exf5 d5
5.Bf1b5 Bc8xf5
6.Nf3xe5 Qd8f6
7.Qd1e2 Bf8e7
8.Ne5xc6 bxc6
9.Bb5a6 Ng8h6
10.h3 O-O
11.d4 Be7d6
12.Bc1e3 Ra8e8
13.Nb1d2 Qf6g6
14.Rh1g1 Bf5xh3
15.Ba6d3 Qg6g4
16.Qe2f1 Bd6h2
17.gxh3 Qg4h4
18.Rg1g2 Re8xe3
19.Kd1 Re3xh3
20.Kc2 Bh2d6
21.Qf1e2 Qh4h5
22.f3 Rf8e8
23.Qe2f2 Rh3h2
24.Ra1g1 Rh2xg2
25.Rg1xg2 Nh6f5
26.Kc1 Nf5e3
27.Rg2g1 Bd6f4
28.a3 Ne3c4
29.Bd3xc4 dxc4
30.Kd1 Bf4xd2
31.Kxd2 Qh5h6
32.Kd1 Qh6f4
33.Rg1g4 Qf4e3
34.Qf2g2 Qe3d3
35.Qg2d2 Qd3xf3
36.Kc1 Qf3xg4
37.Kb1 Qg4e2
38.Qd2f4 Qe2d3
39.Ka2 Qd3c2
{ resign }
0-1

[Event "Tourn. n9351"]
[Site "www.chess-mail.com"]
[Date "2017.05.28"]
[Round "1"]
[White "Sorento"]
[Black "Francesco"]
[WhiteElo "2280"]
[BlackElo "2140"]
[Result "1-0"]
[Round "1"]
1.e4 c6
2.d4 d5
3.Nb1c3 dxe4
4.Nc3xe4 Bc8f5
5.Ne4g3 Bf5g6
6.h4 h6
7.h5 Bg6h7
8.Bf1d3 Bh7xd3
9.Qd1xd3 Nb8d7
10.Bc1f4 Ng8f6
11.O-O-O Qd8b6
12.Ng1f3 e6
13.Nf3e5 Nd7xe5
14.Bf4xe5 Bf8e7
15.Ng3e4 Nf6xe4
16.Qd3xe4 O-O
17.Qe4g4 f6
18.Be5f4 f5
19.Qg4e2 Be7f6
20.Qe2xe6 Kh8
21.Qe6c4 Ra8d8
22.c3 Rf8e8
23.Rh1e1 Re8f8
24.Bf4e5 Bf6xe5
25.Re1xe5 Qb6c7
26.Rd1e1 Qc7d6
27.f4 a6
28.Qc4e6 Qd6xe6
29.Re5xe6 Rd8d7
30.Re6e7 Rf8d8
31.Re1e5 { resign }
1-0

[Event "Tourn. n9304"]
[Site "www.chess-mail.com"]
[Date "2017.05.28"]
[Round "1"]
[White "Cal"]
[Black "Jjmcbride"]
[WhiteElo "1730"]
[BlackElo "1770"]
[Result "1-0"]
[Round "1"]
1.Nb1c3 d5
2.d4 Ng8f6
3.h3 h6
4.Ng1f3 b6
5.a3 Bc8a6
6.e3 Ba6xf1
7.Kxf1 e6
8.b4 Nf6e4
9.Nc3xe4 dxe4
10.Nf3e5 f6
11.Bc1b2 fxe5
12.dxe5 Nb8d7
13.c4 Qd8g5
14.Bb2d4 O-O-O
15.g3 Nd7xe5
16.Qd1a4 Ne5c6
17.Qa4xc6 Kb8
18.Qc6xe4 Bf8d6
19.Qe4c6 Rh8f8
20.Rh1g1 Qg5f5
21.Qc6g2 e5
22.e4 Qf5e6
23.Bd4e3 Qe6xc4
24.Ke1 Qc4c3
25.Ke2 Qc3c2
26.Be3d2 Qc2c4
{ time. }
1-0

[Event "Tourn. n9304"]
[Site "www.chess-mail.com"]
[Date "2017.05.28"]
[Round "1"]
[White "Jjmcbride"]
[Black "Sorento"]
[WhiteElo "1770"]
[BlackElo "1929"]
[Result "0-1"]
[Round "1"]
1.e4 c6
2.e5 d5
3.f4 Bc8f5
4.b3 e6
5.Nb1c3 Nb8d7
6.d4 Bf8b4
7.Bc1b2 Ng8e7
8.g4 Bf5e4
9.Ng1f3 h5
10.Bf1h3 Qd8a5
11.Qd1d2 Be4xf3
12.Rh1g1 hxg4
13.Bh3xg4 Bf3xg4
14.Rg1xg4 Ne7f5
15.a4 Rh8h3
16.O-O-O Bb4xc3
17.Bb2xc3 Qa5xc3
18.Qd2xc3 Rh3xc3
19.Rd1g1 g6
20.h4 Nf5xd4
21.Rg1g2 Rc3h3
22.Kb2 Ke7
23.Rg4g5 Rh3xh4
24.f5 Nd4xf5
25.Rg2g1 Nd7xe5
26.Rg5g2 Ra8h8
27.a5 Rh4h2
28.c3 Nf5e3
29.Rg2xh2 Rh8xh2
30.Ka3 Rh2g2
31.Rg1h1 c5
32.Rh1b1 { time. }
0-1

[Event "Tourn. n9370"]
[Site "www.chess-mail.com"]
[Date "2017.05.28"]
[Round "1"]
[White "Madz123456"]
[Black "Cal"]
[WhiteElo "1500"]
[BlackElo "1700"]
[Result "1-0"]
[Round "1"]
1.e4 e5
2.Ng1f3 d6
3.d4 exd4
4.Nf3xd4 h6
5.Nb1c3 c5
6.Nd4f5 a6
7.Bc1f4 Ng8f6
8.Nf5xd6 Bf8xd6
9.Qd1xd6 Bc8d7
10.e5 Nf6h5
11.Nc3d5 Nb8c6
12.Nd5c7 Qd8xc7
13.Qd6xc7 Bd7e6
14.Qc7xb7 Ra8c8
15.Bf4d2 Nc6xe5
16.Bd2c3 f6
17.Bc3xe5 fxe5
18.Bf1c4 Be6d7
19.Ra1d1 Nh5f4
20.Qb7xd7 { resign }
1-0

[Event "Tourn. n9351"]
[Site "www.chess-mail.com"]
[Date "2017.05.28"]
[Round "1"]
[White "Francesco"]
[Black "Cjood"]
[WhiteElo "2110"]
[BlackElo "2020"]
[Result "1-0"]
[Round "1"]
1.e4 e5
2.Ng1f3 Nb8c6
3.Bf1b5 Bf8c5
4.O-O Ng8e7
5.c3 a6
6.Bb5a4 b5
7.Ba4b3 O-O
8.d4 exd4
9.cxd4 Bc5b6
10.Bc1g5 d6
11.h3 Bc8b7
12.Nb1c3 h6
13.Bg5h4 Qd8e8
14.Rf1e1 Qe8d7
15.Ra1c1 Ne7g6
16.Bh4g3 Ra8e8
17.Bb3c2 Nc6e7
18.b4 a5
19.bxa5 Bb6xa5
20.Qd1d3 Bb7a6
21.Qd3e3 Ba5xc3
22.Qe3xc3 Ne7c6
23.Bc2b3 Ba6b7
24.d5 Nc6e7
25.Qc3xc7 Qd7xc7
26.Rc1xc7 Bb7a6
27.Bg3xd6 Ba6c8
28.Nf3e5 Ng6xe5
29.Bd6xe5 Kh7
30.Be5d6 { resign }
1-0

[Event "Tourn. n9234"]
[Site "www.chess-mail.com"]
[Date "2017.05.28"]
[Round "1"]
[White "Comrade"]
[Black "Kampungboy"]
[WhiteElo "2280"]
[BlackElo "2670"]
[Result "0-1"]
[Round "1"]
1.c4 f5
2.d4 Ng8f6
3.Nb1c3 e6
4.Ng1f3 d6
5.e3 Bf8e7
6.Bf1d3 O-O
7.O-O a6
8.Bc1d2 c5
9.Qd1c2 Nb8c6
10.a3 g6
11.Ra1d1 e5
12.dxe5 dxe5
13.e4 f4
14.Nc3d5 Bc8g4
15.Bd3e2 Bg4xf3
16.Be2xf3 Nc6d4
17.Qc2c3 Nf6xe4
18.Qc3d3 Ne4xd2
19.Rd1xd2 Ra8b8
20.Rf1e1 Be7d6
21.Bf3e4 Kg7
22.Qd3h3 b5
23.Be4d3 Bd6c7
24.b4 cxb4
25.axb4 Rf8f7
26.f3 a5
27.Nd5xc7 Qd8xc7
28.bxa5 bxc4
29.Bd3e4 c3
30.Re1c1 Qc7xa5
31.Rd2f2 Rb8b2
32.Qh3h4 Nd4e2
33.Rf2xe2 Rb2xe2
34.Rc1f1 Qa5c5
35.Kh1 c2
{ resign }
0-1

[Event "Tourn. n9374"]
[Site "www.chess-mail.com"]
[Date "2017.05.28"]
[Round "1"]
[White "Motorhead99"]
[Black "Llcervello"]
[WhiteElo "1860"]
[BlackElo "1610"]
[Result "1-0"]
[Round "1"]
1.d4 d5
2.e3 f5
3.Bf1d3 g6
4.f4 h5
5.Ng1f3 Nb8d7
6.Nf3g5 Nd7f6
7.Nb1d2 Bf8h6
8.Nd2f3 Bh6xg5
9.Nf3xg5 Nf6g4
10.c4 Ng8f6
11.O-O h4
12.h3 Nf6e4
13.hxg4 Ne4g3
14.gxf5 Ng3xf1
15.Qd1xf1 gxf5
16.cxd5 Qd8xd5
17.Ng5f3 h3
18.gxh3 Qd5g8
19.Nf3g5 a6
20.Qf1g2 e6
21.b3 Bc8d7
22.Qg2xb7 Ra8c8
23.Qb7g2 a5
24.Bc1b2 c6
25.d5 Rh8h6
26.dxe6 Bd7xe6
27.Kf2 Be6d5
28.Qg2g3 Rc8c7
29.Bd3xf5 Qg8f8
30.e4 Qf8c5
31.Kg2 Qc5c2
32.Qg3f2 Qc2d3
33.exd5 Qd3xf5
34.Ra1e1 Kd7
35.dxc6 Rc7xc6
36.Re1d1 Rc6d6
37.Rd1xd6 Kxd6
38.Qf2b6 { resign }
1-0